| 000 | 00675nam a2200205 i 4500 | ||
|---|---|---|---|
| 001 | 141181 | ||
| 003 | ES-MaACL | ||
| 005 | 20250918183948.0 | ||
| 007 | t| | ||
| 008 | 070920s1955 sp ||||1| spa d | ||
| 100 | 1 |
_aVitrubio Polión, Marco. _9115528 |
|
| 245 | 1 | 4 |
_aLos diez libros de arquitectura / _cMarco Vitrubio Polión ; traducción directa del latín, prólogo y notas por Agustín Blánquez. |
| 260 |
_aBarcelona : _bIberia, _c[1955] |
||
| 300 |
_aXX, 301 p. ; _c19 cm. |
||
| 490 | 1 | _aObras maestras | |
| 700 | 1 |
_aBlánquez Fraile, Agustín, _d1883-1965 _929329 |
|
| 830 | 0 |
_aObras maestras _9181001 |
|
| 852 |
_aES-MaACL _jC-9835 |
||
| 999 |
_c141181 _d141181 |
||